Нормы международного права как источник российского законодательства (Запись № 10829551)
[ простой вид ]
| 000 -МАРКЕР | |
|---|---|
| контрольное поле | 02308nam0a2200349 4500 |
| 001 - ИДЕНТИФИКАТОР ЗАПИСИ | |
| контрольное поле | RU\NLR\BIBL_A\011577312 |
| 005 - ИДЕНТИФИКАТОР ВЕРСИИ | |
| контрольное поле | 20241102122214.0 |
| 010 ## - МЕЖДУНАРОДНЫЙ СТАНДАРТНЫЙ НОМЕР КНИГИ (ISBN) | |
| Номер (ISBN) | 9785906996015 |
| Тираж | 500 |
| 021 ## - НОМЕР ГОСУДАРСТВЕННОЙ РЕГИСТРАЦИИ | |
| Код страны | Российская Федерация |
| Номер | 2017-95080 |
| Номер Листа государственной регистраци | 6824 |
| 035 ## - ДРУГИЕ СИСТЕМНЫЕ НОМЕРА | |
| Идентификатор записи | (RuMoRGB)009481257 |
| 035 ## - ДРУГИЕ СИСТЕМНЫЕ НОМЕРА | |
| Идентификатор записи | (NLR Aleph) 011577312 |
| 100 ## - ДАННЫЕ ОБЩЕЙ ОБРАБОТКИ | |
| Данные общей обработки | 20180110d2017 k y0rusy50 ca |
| 101 0# - ЯЗЫК РЕСУРСА | |
| Язык текста, звукозаписи и т.д. | русский |
| 102 ## - СТРАНА ПУБЛИКАЦИИ ИЛИ ПРОИЗВОДСТВА | |
| Страна публикации | Российская Федерация |
| 105 ## - ПОЛЕ КОДИРОВАННЫХ ДАННЫХ: ТЕКСТОВЫЕ МАТЕРИАЛЫ, МОНОГРАФИЧЕСКИЕ | |
| Кодированные данные о монографическом текстовом документе | y z 100zy |
| 200 1# - ЗАГЛАВИЕ И СВЕДЕНИЯ ОБ ОТВЕТСТВЕННОСТИ | |
| Основное заглавие | Нормы международного права как источник российского законодательства |
| Сведения, относящиеся к заглавию | сборник статей по итогам Международной научно-практической конференции, 29 августа 2017 г., [Оренбург] |
| Первые сведения об ответственности | Агентство международных исследований |
| Последующие сведения об ответственности | [ответственный редактор: Сукиасян Асатур Альбертович, кандидат экономических наук] |
| 210 ## - ПУБЛИКАЦИЯ, РАСПРОСТРАНЕНИЕ И ДР. | |
| Место издания, распространения и т.д. | Стерлитамак |
| Имя издателя, распространителя и т. д. | Агентство международных исследований |
| Дата издания, распространения и т.д. | 2017 |
| 215 ## - ФИЗИЧЕСКАЯ ХАРАКТЕРИСТИКА | |
| Специфическое обозначение материала и объем | 32 с. |
| Размеры | 21 |
| 320 ## - ПРИМЕЧАНИЯ О НАЛИЧИИ В ДОКУМЕНТЕ БИБЛИОГРАФИИ / УКАЗАТЕЛЯ | |
| Текст примечания | Библиогр. в конце ст. и в подстроч. примеч. |
| 606 1# - НАИМЕНОВАНИЕ ТЕМЫ КАК ПРЕДМЕТ | |
| Наименование темы | Международное право |
| Формальный подзаголовок | Съезды, совещания и т.п |
| Тематический подзаголовок | Нормы |
| -- | Применение |
| Географический подзаголовок | Российская Федерация |
| Системный номер авторитетной/нормативной записи | 2071072 |
| Идентификатор авторитетной/нормативной записи | RU\NLR\AUTH\661245816 |
| 606 1# - НАИМЕНОВАНИЕ ТЕМЫ КАК ПРЕДМЕТ | |
| Наименование темы | Право |
| Формальный подзаголовок | Съезды, совещания и т.п |
| Тематический подзаголовок | Источники |
| Географический подзаголовок | Российская Федерация |
| Системный номер авторитетной/нормативной записи | 2183723 |
| Идентификатор авторитетной/нормативной записи | RU\NLR\AUTH\661313020 |
| 686 ## - ИНДЕКСЫ ДРУГИХ КЛАССИФИКАЦИЙ | |
| Индекс | Х62я431(0) |
| Код системы | |
| 686 1# - ИНДЕКСЫ ДРУГИХ КЛАССИФИКАЦИЙ | |
| Индекс | Х62я431 |
| 702 #1 - ИМЯ ЛИЦА - ВТОРИЧНАЯ ОТВЕТСТВЕННОСТЬ | |
| Начальный элемент ввода | Сукиасян |
| Часть имени, кроме начального элемента ввода | А. А. |
| Расширение инициалов личного имени | Асатур Альбертович |
| Код отношения | Редактор |
| 711 12 - НАИМЕНОВАНИЕ ОРГАНИЗАЦИИ - АЛЬТЕРНАТИВНАЯ ОТВЕТСТВЕННОСТЬ | |
| Начальный элемент ввода | "Нормы международного права как источник российского законодательства", международная научно-практическая конференция |
| Место проведения временной организации | Оренбург |
| Дата проведения временной организации | 2017 |
| Системный номер авторитетной/нормативной записи | 585332 |
| Идентификатор авторитетной/нормативной записи | RU\NLR\AUTH\880461348 |
| 712 02 - НАИМЕНОВАНИЕ ОРГАНИЗАЦИИ - ВТОРИЧНАЯ ОТВЕТСТВЕННОСТЬ | |
| Код отношения | Издающая организация |
| Начальный элемент ввода | Агентство международных исследований |
| Идентифицирующий признак | Стерлитамак |
| Системный номер авторитетной/нормативной записи | 430803 |
| Идентификатор авторитетной/нормативной записи | RU\NLR\AUTH\880382271 |
| 942 ## - ДОПОЛНИТЕЛЬНЫЕ ЭЛЕМЕНТЫ ЗАПИСИ (АБИС) | |
| Тип экземпляра АБИС | Книга |
| 980 ## - КОЛЛЕКЦИЯ | |
| Название коллекции | НБР |
Нет доступных экземпляров.